Statistiques concernant Top 10 des scoreurs du XV de France.

Cliquez ici pour prendre le quiz!

Statistiques générales

  • Ce quiz a été pris 51 fois
  • Le résultat moyen est 3 sur 10

Statistiques - réponses

PointsJoueur% Correct
291Thomas Ramos
88%
436Frédéric Michalak
79%
370Morgan Parra
58%
380Christophe Lamaison
37%
373Dimitri Yachvili
33%
354Didier Camberabero
16%
367Thierry Lacroix
14%
267Gérald Merceron
9%
265Jean-Pierre Romeu
5%
252Thomas Castaignède
2%

Distribution des résultats

Percentile par nombre de réponses

% des personnes avec chaque résultat

Votre développement - résultats

Vous n’avez pas pris ce quiz